000 00713nam a2200229Ia 4500
003 OSt
005 20220923225634.0
006 a|||||r|||| 00| 0
007 ta
008 220922b |||||||| |||| 00| 0 pan d
024 _a272,961
037 _cTextual
040 _aARTS
_cARTS
_bpan
041 _2pan
_apan
082 _aO153m'N52, J4;K4
100 _aਸਿੰਘ, ਹਗ਼ਾਰਾ, ਥਦ.
245 0 _aਸਾਹਿਤ ਸਮਾਚਾਰ
260 _aਲੁਧਿਆਣਾ
_b ਸਿਵਲ ਲਾਈਨਗ਼
_c1964
650 _aਪੰਜਾਬੀ ਸਾਹਿਤ
942 _hO153m'N52, J4;K4
_cTEXL
_2CC
999 _c379602
_d379602